Statistics for Top Five Countries by Religion

Click here to take the quiz!

General Stats

  • This quiz has been taken 63,145 times
    (39,128 since last reset)
  • The average score is 27 of 34

Answer Stats

Religion Country % Correct
Christianity, Judaism, Protestantism, SikhismUnited States
99%
Islam, Hinduism, Shia, SikhismIndia
98%
BuddhismChina
97%
OrthodoxyRussia
95%
Judaism, Protestantism, SikhismUnited Kingdom
95%
ShiaIran
94%
JudaismIsrael
93%
Islam, Hinduism, ShiaPakistan
92%
BuddhismJapan
91%
WahhabismSaudi Arabia
90%
Christianity, ProtestantismBrazil
90%
ShiaIraq
90%
Islam, HinduismIndonesia
88%
ChristianityMexico
87%
JudaismFrance
86%
Judaism, SikhismCanada
84%
OrthodoxyEgypt
80%
BuddhismThailand
79%
BuddhismVietnam
77%
Islam, HinduismBangladesh
77%
HinduismNepal
75%
OrthodoxyUkraine
72%
WahhabismUnited Arab Emirates
71%
ShiaYemen
70%
SikhismAustralia
69%
Christianity, Protestantism, IslamNigeria
67%
WahhabismQatar
66%
BuddhismMyanmar
63%
WahhabismKuwait
61%
ChristianityPhilippines
61%
ProtestantismSouth Africa
58%
WahhabismBahrain
55%
OrthodoxyRomania
50%
OrthodoxyEthiopia
47%

Score Distribution

Percentile by Number Answered

Percent of People with Each Score

Your Score History

You have not taken this quiz since the last reset